| 000 | 01221cam a22003497i 4500 | ||
|---|---|---|---|
| 001 | 22720872 | ||
| 003 | OSt | ||
| 005 | 20231027151119.0 | ||
| 008 | 220726e202107 ii a 000 1 malo | ||
| 010 | _a 2022329080 | ||
| 020 | _a9789354326578 | ||
| 025 | _aI-Mal-2022329080; 11 | ||
| 037 | _bLibrary of Congress -- New Delhi Overseas Office | ||
| 040 |
_aDLC _beng _erda _cDLC _dDLC |
||
| 042 | _alcode | ||
| 050 | 0 | 0 | _aMLCSA 2023/50638 (P) |
| 082 |
_a894.8123 _bJOH/C |
||
| 100 | 0 |
_aKiṅg Jōṇs, _d1985- _eauthor. |
|
| 245 | 1 | 0 |
_aCaṭṭampiśāstr̲aṃ / _cKiṅg Jōṇs = Chattambisasthram / literature/novel by King Johns. |
| 246 | 3 | 1 | _aChattambisasthram |
| 264 | 1 |
_aKottayam, Kerala State, India : _bḌi Si Buks, _cAugust 2021. |
|
| 300 |
_a211 pages : _bcolor illustrations ; _c21 cm |
||
| 336 |
_atext _btxt _2rdacontent |
||
| 337 |
_aunmediated _bn _2rdamedia |
||
| 338 |
_avolume _bnc _2rdacarrier |
||
| 500 | _aNovel. | ||
| 530 | _aAlso available as an e-book. | ||
| 546 | _aIn Malayalam. | ||
| 906 |
_a7 _bcbc _corigode _d4 _encip _f20 _gy-gencatlg |
||
| 942 |
_2ddc _cBK _h894.8123 _iJOH/C _k894.8123 _mJOH/C |
||
| 999 |
_c42938 _d42938 |
||